000
00312pam a2200145 a 4500
020
_c
041
_a
eng
082
_b
RAD
100
_a
Radhakrishnan.
245
_a
Indian Religious Thought
_h
Textual Documents
250
_a
1979.
260
_a
Mumbai
_b
Orient Paperbacks
300
_a
168pg.
930
_a
12044
999
_c
88947
_d
88947